000
00352nam a2200145 a 4500
005
20140414131921.0
008
101022s19uu xx 00 eng d
050
_a
ER
_b
Sn6 1996
100
_a
Hirata, Shogo
245
_a
The snow queen.
260
_c
2006.
440
_a
Illustrated fantasy books for children
999
_c
111748
_d
111748